000 00701nam a22002417a 4500
003 Ost
005 20260313073422.0
008 260313b |||||||| |||| 00| 0 eng d
020 _a9789355426598
040 _cBT-PhCST
050 _a25777-25781
082 _222
_a658
_bc2016.
100 _aKim, Gene.
245 _aThe DevOps handbook :
_bhow to create world-class agility, reliability, & security in technology organizations /
250 _a2 nd ed.
260 _aIndia :
_bShroff Publishers,
_cc2016.
300 _axliv, 485 p. :
_bill. ;
_c23 cm.
500 _aIncludes index.
700 _aHumble, Jez.
700 _aDebois, Patrick.
700 _aWillis, John.
942 _2ddc
_cIT
999 _c10206
_d10206